|
|
|
|
| LEADER |
00727nam a2200169Ia 4500 |
| 001 |
183536 |
| 008 |
170722s9999 xx 000 0 und d |
| 020 |
|
|
|a 9788176380638
|
| 100 |
|
|
|a Usha Menon
|
| 245 |
|
|
|a Ramavarma Appanthampuran /
|
| 260 |
|
|
|a Thiruvananthapuram :
|b Kerala Bhasha Institute ,
|c 2011.
|
| 300 |
|
|
|a 96 p.
|
| 923 |
|
|
|d 20140109
|n 43735
|
| 942 |
|
|
|c GEN
|
| 999 |
|
|
|c 152651
|d 152651
|
| 952 |
|
|
|0 0
|1 0
|4 0
|6 O_323M76W_Q1Q11KR
|7 0
|9 214941
|a LIB
|b LIB
|d 2014-03-15
|e Kerala Book Marketing Society
|l 1
|o O32,3M76w Q1-Q1;1(KR)
|p 295640
|r 2019-02-02
|s 2018-12-18
|w 2017-08-12
|y GEN
|
| 952 |
|
|
|0 0
|1 0
|4 0
|6 O_323M76W_Q1Q11KR
|7 0
|8 KR
|9 214942
|a LIB
|b LIB
|d 2014-03-15
|e Kerala Book Marketing Society
|o O32,3M76w Q1-Q1;1(KR)
|p 295641
|r 2017-08-12
|w 2017-08-12
|y GEN
|